00390nam a2200157Ia 450000500170000000800410001704000190005804100120007708200160008910000220010524500380012726000290016530000110019465000170020585000100022220230327110449.0131103s9999 xx 000 0 und d aLoreto College aEnglish a822.91bRAT aRattigan, Terence 4aThe Winslow boycTerence Rattigan aLondonbPan Books c1967 a251p.  aEnglish play aLCLIB